Priemyselná politika SR. 1 Priemyselnú politiku SR do roku 2000 schválila vláda SR 26. septembra

Význam štátnej priemyselnej politiky. Strategické ciele priemyselnej politiky SR. Konkurencieschopnosť priemyslu SR. Programová orientácia vedy a techniky. Vzťah priemyselnej politiky k hospodárskym politikám. Nástroje priemyselnej politiky SR.

Guardado en:
Detalles Bibliográficos
Formato: Capítulo de libro
Lenguaje:eslovaco
Materias:
Etiquetas: Agregar Etiqueta
Sin Etiquetas, Sea el primero en etiquetar este registro!

MARC

LEADER 00000naa a2200000 4500
001 r018657
005 20221205103055.9
041 0 |a slo 
044 |a SK 
245 1 0 |a Priemyselná politika SR. 1  |b Priemyselnú politiku SR do roku 2000 schválila vláda SR 26. septembra 
520 |a Význam štátnej priemyselnej politiky. Strategické ciele priemyselnej politiky SR. Konkurencieschopnosť priemyslu SR. Programová orientácia vedy a techniky. Vzťah priemyselnej politiky k hospodárskym politikám. Nástroje priemyselnej politiky SR. 
610 2 0 |a Slovensko 
610 2 0 |a politika hospodárska 
610 2 0 |a politika priemyselná 
610 2 0 |a vláda 
610 2 0 |a štát 
610 2 0 |a konkurencieschopnosť 
610 2 0 |a priemysel 
610 2 0 |a veda 
610 2 0 |a technika 
610 2 0 |a stratégia hospodárska